000 00517nam a22001937a 4500
003 DO-SdBNP
005 20220509110824.0
008 110301s2022 dr 000 0 spa d
020 _a9789945809220
040 _aDO-SdBNP
_bspa
_cBNPHU
082 4 _axxxx
_bL732e
100 1 _aLima, EScalin
_953018
245 1 0 _aEider y su secreto /
_cEscalin Lima
260 _aSanto Domingo :
_bRenet copias,
_c2021.
300 _a46 p. :
_c21 cm.
590 _aInventariado, 2022/ YL
910 _aYLockward
942 _2ddc
_cLF2
999 _c51668
_d51668